Score 0/24 Timer 10:00
0 Plays Today
Definition Term % Correct
What is the name for the layer of gasses that directly surround the earth that are retained by earth’s gravity?Atmosphere
63.1%
What kind of rock is transformed because of extended exposure to heat and pressure?Metamorphic Rock
55.4%
What is the name for the movement of continents to where they are situated today?Continental Drift
53.8%
What kind of rock is formed by the cooling magma?Igneous Rock
52.3%
About 175 million years ago, what was the name for the single giant landmass that was made up of all of the continents of the world?Pangaea
49.2%
What kind of rock is formed by the settling of organic and mineral materials at the bottom of bodies of water?Sedimentary Rock
43.1%
What collides to cause mountain ranges to form?Crustal Plates
41.5%
Which kind of rock show folding very clearly?Sedimentary Rock
41.5%
What is the name for the theory of the changing of positions and movement of huge masses of land?Continental Drift
40%
What is the name for the explanation of how the three rock types are related to one another?Rock Cycle
36.9%
What is the name for the range of rock types and the transitions from one state of rock to another?Rock Cycle
33.8%
Who developed the theory of continental drift?Alfred Wegener
30.8%
Definition Term % Correct
What is the name for the semi-rigid plates that cover the earth’s surface?Crustal Plates
29.2%
What is the name for he outermost rocky shell of the earth?Lithosphere
27.7%
What is the name for the layer of gasses that is located between 50 km and 85 km above the earth’s surface?Mesosphere
26.2%
What do we call it when plates separate under the ocean, and get filled with magma?Seafloor Spreading
23.1%
What do you call the cyclical movement of magma that happens as a result of heating from near the core of the earth, then cooling near the surface?Convection Current
21.5%
What is the name for the core layer of the earth?Centrosphere
20%
What type of rock deformation happens when two plates collide with an each other?Folding
20%
What is the name for an underwater chain of volcanoes that create new seafloor?Ridge
18.5%
What is the name for the movement of magma and liquid under the mantleConvection Current
16.9%
What is the name for the cracks that are created in the earth’s crust?Seafloor Spreading
12.3%
What is the name of the theory that deals with the movement of plates?Tectonic Theory
10.8%
When we look at rocks that have layers, such as sedimentary rocks, what is it that we can see that is the result of pressure and heat that changes the rock’s form?Folding
9.2%
Remove Ads.
Support Sporcle.
Get the best of Sporcle when you Go Orange. This ad-free experience offers more features, more stats, and more fun while also helping to support Sporcle. Thank you for becoming a member.

You're not logged in!

Compare scores with friends on all Sporcle quizzes.
OR
Log In

Show Comments

Extras

Created Nov 10, 2010ReportNominate
Tags:Definition Quiz, Physical, Term, unit

Top Quizzes Today


Score Distribution

Your Account Isn't Verified!

In order to create a playlist on Sporcle, you need to verify the email address you used during registration. Go to your Sporcle Settings to finish the process.

Report this User

Report this user for behavior that violates our Community Guidelines.

Details: